Vietnamese Words - Medium - Statistics

General Stats
  • This quiz has been taken 112 times
  • The average score is 8 of 10
Answer Stats
Hint Answer % Correct
Know biết
91%
Shopping Mua sắm
90%
Forget quên
87%
Intelligent thông minh
87%
Replay phát lại
85%
Disappear biến mất
78%
Submit Nộp
78%
Correct Chính xác
77%
Probably có lẽ
76%
Mermaid Nàng tiên cá
76%
No matching quizzes found
Score Distribution
Percent of People with Each Score
Percentile by Number Answered
Your Score History
You have not taken this quiz